000 00807nam a2200325 a 4500
003 AR-BaBNM
005 20251128210457.0
008 082120s2002 ||||||||||||||000 | spa||
020 _a84-359-0620-5
040 _cAR-BaBNM
100 1 _aMayo, W.J.
245 0 0 _aLectura activa
260 _aMadrid
_bPlayor
_c1989
300 _a167 p.
_bil.
490 0 _aCómo dominar
500 _aContiene referencias bibliográficas
650 4 _aLINGUISTICA
650 4 _aSEMANTICA
650 4 _aETIMOLOGIA
650 4 _aSEMIOLOGIA
650 4 _aGRAMATICA
650 4 _aLENGUAJE HABLADO
650 4 _aENSEÑANZA DE LA LECTURA
650 4 _aLECTURA
650 4 _aMEJORA DE LA LECTURA
650 4 _aPROMOCION DE LA LECTURA
650 4 _aMEJORA DE LA LECTURA
942 _cBK
998 _cMARTIN
999 _c15596
_d15596